000 00616nam a22002177a 4500
003 EC-GqESP
005 20250530110451.0
008 250530b |||||||| |||| 00| 0 eng d
020 _a88-86256-09-4
041 _aESP
082 _a740
110 _aVinciana Editora
245 _aDesnudos y la estructura del cuerpo humano 10
250 _aS/E
260 _aItalia
_bVinciana Editora
_cS/F
300 _a34 p.
_bDibujo
_c35x25 cm
500 _aDesnudos y la estructura del cuerpo humano 10 (Colección Leonardo)
650 _aDibujo
650 _aDesnudos y la estructura del cuerpo humano
942 _c01
999 _c237986
_d237986